| 000 | 02406nam a22001817a 4500 | ||
|---|---|---|---|
| 999 |
_c176271 _d176271 |
||
| 005 | 20201208152239.0 | ||
| 010 | _aENG-128639 | ||
| 020 |
_a978-93-539-4536-7 _c469.00 |
||
| 035 | _aEN-112171 | ||
| 037 | _bDBAD/PUB | ||
| 082 | _a005.44769 | ||
| 100 | _aSequeira, Anthony | ||
| 245 |
_aAWS Certified Cloud Practitioner (CLF-C01) Cert Guide/ _cAnthony Sequeira |
||
| 260 |
_aUttar Pradesh _bPearson India Education Services Pvt. Ltd. _c2021 |
||
| 270 |
_bUttar Pradesh _e201301 _a15th Floor, Tower-B, World Trade Tower, Plot No.- 1, Block-C, Sector-16, Noida _mcompanysecretary.india@pearson.com _k044-66540100 |
||
| 300 |
_axxv+215p. _c23cm(pbk) _bIncluding index and illustrations. |
||
| 942 |
_2ddc _cEN _h005.44769 _mSEQ |
||